000 00275nam a2200133 i 4500
001 bg
245 0 _aBuch - Bibliothek - Leser.
260 _aBerlin,
_c1969.
040 _cBPK
041 _apol
080 _a02
942 _cKS
008 s pl f |000 0 pol
999 _c13299
_d13299
856 _uhttp://koha.tu.koszalin.pl/cgi-bin/koha/opac-detail.pl?biblionumber=13299
_yKatalog online BPK